Fundamentos de política criminal : (Registro nro. 172590)
[ vista simple ]
| 000 -LEADER | |
|---|---|
| fixed length control field | 01142nam a22003251 4500 |
| 001 - CONTROL NUMBER | |
| control field | bslw10044270 |
| 006 - FIXED-LENGTH DATA ELEMENTS--ADDITIONAL MATERIAL CHARACTERISTICS--GENERAL INFORMATION | |
| fixed length control field | m o d |
| 007 - PHYSICAL DESCRIPTION FIXED FIELD--GENERAL INFORMATION | |
| fixed length control field | cr un ---uuuua |
| 008 - FIXED-LENGTH DATA ELEMENTS--GENERAL INFORMATION | |
| fixed length control field | 230412s2012 sp ob 000 0 spa d |
| 020 ## - INTERNATIONAL STANDARD BOOK NUMBER | |
| International Standard Book Number | 9788413811314 |
| 035 ## - | |
| -- | 38183 |
| 040 ## - CATALOGING SOURCE | |
| Original cataloging agency | UtOrBLW |
| Language of cataloging | eng |
| Description conventions | rda |
| Transcribing agency | UtOrBLW |
| 050 #4 - | |
| -- | K5015.4 |
| -- | .P33 2012 |
| 082 04 - | |
| -- | 345 |
| -- | 23 |
| 100 1# - MAIN ENTRY--PERSONAL NAME | |
| Personal name | Pablo Sánchez-Ostiz, |
| Relator term | author. |
| 245 10 - TITLE STATEMENT | |
| Title | Fundamentos de política criminal : |
| Remainder of title | un retorno a los principios / |
| Statement of responsibility, etc | Pablo Sánchez-Ostiz ; prólogo de Jesús-María Silva Sánchez. |
| 264 #1 - | |
| -- | Madrid : |
| -- | Marcial Pons, |
| -- | 2012. |
| 300 ## - PHYSICAL DESCRIPTION | |
| Extent | 1 online resource (278 pages) |
| 336 ## - | |
| -- | text |
| -- | txt |
| -- | rdacontent |
| 337 ## - | |
| -- | computer |
| -- | c |
| -- | rdamedia |
| 338 ## - | |
| -- | online resource |
| -- | cr |
| -- | rdacarrier |
| 490 1# - SERIES STATEMENT | |
| Series statement | Colección Derecho penal y criminología |
| 504 ## - BIBLIOGRAPHY, ETC. NOTE | |
| Bibliography, etc | Includes bibliographical references. |
| 650 #0 - SUBJECT ADDED ENTRY--TOPICAL TERM | |
| Topical term or geographic name as entry element | Criminal law. |
| 700 1# - ADDED ENTRY--PERSONAL NAME | |
| Personal name | Silva Sánchez, Jesús-María, |
| Relator term | writer of introduction. |
| 830 #0 - | |
| -- | Derecho penal y criminología (Marcial Pons (Firm)) |
| 856 40 - LOCALIZACIÓN Y ACCESO ELECTRÓNICO | |
| Identificador Uniforme del Recurso (URI/URL) | https://app.vlex.com/#/sources/38183 |
| 942 ## - | |
| -- | RAA |
| 999 ## - | |
| -- | 172590 |
| -- | 172590 |
No hay ítems disponibles.